| Tag |
First Indicator |
Second Indicator |
Subfields |
| LEADER |
00000cam a2200000 4500 |
| 001 |
in00001925892 |
| 006 |
m | d | |
| 007 |
cr |n||||||||n |
| 008 |
820210s1770 stk|||| s 00||||eng d |
| 005 |
20260406221217.3 |
| 035 |
|
|
|a (CStRLIN)ESTCT134623
|
| 040 |
|
|
|a Uk-ES
|c Uk-ES
|d Cu-RivES
|d CStRLIN
|d Thomson Gale
|d UtOrBLW
|
| 100 |
1 |
|
|a Dupré de Saint-Maur, Nicolas-François,
|d 1695-1774.
|
| 245 |
1 |
4 |
|a The state of innocence :
|b and fall of man, described in Milton's Paradise lost. Rendered into prose. With historical, philosophical, and explanatory notes. From the French of the learned Raymond de St. Maur. By a gentleman of Oxford.
|
| 246 |
3 |
|
|a Paradis perdu. English
|
| 264 |
|
3 |
|a Aberdeen :
|b printed and sold by John Boyle,
|c 1770.
|
| 300 |
|
|
|a iv, 4 unnumbered pages, 428p. ;
|c 8⁰.
|
| 336 |
|
|
|a text
|b txt
|2 rdacontent
|
| 337 |
|
|
|a computer
|b c
|2 rdamedia
|
| 338 |
|
|
|a online resource
|b cr
|2 rdacarrier
|
| 500 |
|
|
|a In fact by Nicolas Francois Dupré de Saint-Maur.
|
| 500 |
|
|
|a Translated and paraphrased by George Smith Green.
|
| 500 |
|
|
|a This prose version was originally published in French as 'Paradis perdu de Milton.' - The two 'Contents' leaves after the 'Preface' are inserted.
|
| 500 |
|
|
|a Reproduction of original from the British Library.
|
| 510 |
4 |
|
|a English Short Title Catalog,
|c ESTCT134623.
|
| 533 |
|
|
|a Electronic reproduction.
|b Farmington Hills, Mich. :
|c Thomson Gale,
|d 2003.
|n Available via the World Wide Web.
|n Access limited by licensing agreements
|7 s2003 miunns
|
| 500 |
|
|
|a Electronic resource.
|
| 700 |
1 |
|
|a Milton, John,
|d 1608-1674.
|
| 730 |
0 |
|
|a Paradise lost.
|k Adaptations.
|
| 830 |
|
0 |
|a Eighteenth century collections online.
|
| 856 |
4 |
0 |
|u http://proxy.library.tamu.edu/login?url=https://galenet.galegroup.com/servlet/ECCO?c=1&stp=Author&ste=11&af=BN&ae=T134623&tiPG=1&dd=0&dc=flc&docNum=CW115994705&vrsn=1.0&srchtp=a&d4=0.33&n=10&SU=0LRK&locID=txshracd2898
|z Full text online
|t 0
|
| 999 |
|
|
|a MARS
|
| 999 |
f |
f |
|s a2c85ded-1f49-3c5a-9dad-fc926ffa842e
|i 23811710-ab67-3c95-b503-934f119dc5f4
|t 0
|
| 952 |
f |
f |
|a Texas A&M University
|b College Station
|c Electronic Resources
|s www_evans
|d Available Online
|t 0
|h No information provided
|
| 998 |
f |
f |
|t 0
|l Available Online
|